00483nam a2200193 a 4500001001300000003000900013005001700022008004100039020000800080082001900088100002100107245001800128260003400146300000900180500003500189505001700224650002700241700002100268nice12345678IN_TiNIC20260116011355.0050524s1963 dela grp 000 0 urd  ac300a891.43909bZAE aZaedi, Ali Jawad aAap Se Miliye aDelhibMaktaba Shah Rahc1963 a176p aincludes index and biblioraphy2 aBibliography aBiography-Urdu Writers1 aZaedi, Ali Jawad